000 00403nam a22001697a 4500
005 20160523115739.0
008 160523b xxu||||| |||| 00| 0 eng d
020 _a81-7188-320-6
041 _aeng
082 _b4201
100 _aArcharya, Shankar
_91045
245 _aIndia's Economy
260 _aNew Delhi
_bAcademic Faundation
_c2003
300 _a207
650 _aManagement
_9241
942 _cBK
999 _c1424
_d1424